000 00509nam a2200169 i 4500
001 79718
003 ES-MaACL
005 20230906174034.0
007 t|
008 041022s1911 sp ||||1| spa d
100 1 _aHernanz de Nicolás, Angel.
_963120
245 1 0 _aRecuerdo sucinto de las hemorragias del alumbramiento /
_cpor Angel Hernanz de Nicolás.
260 _aSoria :
_b[s.n.,
_c1911] (
_fTierra Soriana)
300 _a82 p. ;
_c20 cm.
595 _aTesis doctoral.
852 _aES-MaACL
_jT-1446-F-4
999 _c79718
_d79718